Catálogo de la exposición general de Bellas Artes 1897. (Record no. 43684)

MARC details
000 -LEADER
campo de control de longitud fija 00591nam a2200193 i 4500
001 - NÚMERO DE CONTROL
campo de control 43684
003 - IDENTIFICADOR DE NÚMERO DE CONTROL
campo de control ES-MaACL
005 - FECHA Y HORA DE LA ÚLTIMA TRANSACCIÓN
campo de control 20250812020243.0
007 - CAMPO FIJO DE DESCRIPCIÓN FÍSICA--INFORMACIÓN GENERAL
campo de control de longitud fija t|
008 - DATOS DE LONGITUD FIJA--INFORMACIÓN GENERAL
campo de control de longitud fija 030318s1897 sp ||||1| spa d
111 2# - ENTRADA PRINCIPAL--NOMBRE DE CONGRESO/REUNIÓN
Nombre de congreso/reunión o jurisdicción como elemento de entrada Exposición Nacional de Bellas Artes (
Fecha del congreso o de la firma del tratado 1897.
Sede del congreso/Lugar de la reunión Madrid)
9 (RLIN) 137423
245 10 - MENCIÓN DEL TÍTULO
Título Catálogo de la exposición general de Bellas Artes 1897.
250 ## - MENCION DE EDICION
Mención de edición Ed. oficial.
260 ## - PUBLICACIÓN, DISTRIBUCIÓN, ETC.
Lugar de publicación, distribución, etc. Madrid :
Nombre del editor, distribuidor, etc. [s.n.],
Fecha de publicación, distribución, etc. 1897 (
Fabricante Celestino Apalaza)
300 ## - DESCRIPCIÓN FÍSICA
Extensión 240 p. ;
Dimensiones 15 cm.
650 04 - PUNTO DE ACCESO ADICIONAL DE MATERIA--TÉRMINO DE MATERIA
Término de materia o nombre geográfico como elemento de entrada Arte español-
Subdivisión cronológica S.XIX
9 (RLIN) 10198
852 ## - LOCALIZACIÓN
Ubicación ES-MaACL
Número de control de estantería D-2968
Holdings
Estatus retirado Estado de pérdida Estado de daño No para préstamo Colección Biblioteca de origen Biblioteca actual Ubicación en estantería Fecha de adquisición Fuente de adquisición Total de préstamos Signatura topográfica completa Código de barras Visto por última vez Precio de reemplazo Tipo de ítem Koha
        Libros del s. XIX Biblioteca del Ateneo de Madrid Biblioteca del Ateneo de Madrid Sala Valle Inclán 17/01/2008     D-2968 901045985 23/02/2023 23/02/2023 Libro impreso antiguo